000 00508nam a2200157 i 4500
001 150876
003 ES-MaACL
005 20230906203736.0
007 t|
008 071116s1906 po ||||1| por d
100 1 _aFerreira, Joâo Maria.
_950372
245 1 0 _aExcelsa
_b: poesia : a sua Magestade a Rainha Senhora D. Amelia /
_cJoâo Maria Ferreira.
260 _aLisboa :
_bLivraria Avellar Machado,
_c[1906]
300 _aVIII p. ;
_c22 cm.
852 _aES-MaACL
_j1509-F-15
_q. - Ded. autógr. del autor
999 _c150876
_d150876